ARRUPE JESUIT UNIVERSITY

CORONAVIRUS -STOP THE SPREAD - CLEAN,DISINFECT,COVER

The psychology of religious fundamentalism / (Record no. 117911)

MARC details
000 -LEADER
fixed length control field 01732cam a22003134a 4500
001 - CONTROL NUMBER
control field 13820838
003 - CONTROL NUMBER IDENTIFIER
control field ARRUPE
005 - DATE AND TIME OF LATEST TRANSACTION
control field 20130918172805.0
008 - FIXED-LENGTH DATA ELEMENTS--GENERAL INFORMATION
fixed length control field 041220s2005 nyu b 001 0 eng
010 ## - LIBRARY OF CONGRESS CONTROL NUMBER
LC control number 2004030394
020 ## - INTERNATIONAL STANDARD BOOK NUMBER
International Standard Book Number 1593851502 (hardcover : alk. paper)
040 ## - CATALOGING SOURCE
Original cataloging agency DLC
Transcribing agency DLC
Modifying agency DLC
042 ## - AUTHENTICATION CODE
Authentication code pcc
050 00 - LIBRARY OF CONGRESS CALL NUMBER
Classification number BL238
Item number .H66 2005
300 ## - PHYSICAL DESCRIPTION
Dimensions 24 cm.
100 1# - MAIN ENTRY--PERSONAL NAME
Personal name Hood, Ralph W.
9 (RLIN) 696
245 14 - TITLE STATEMENT
Title The psychology of religious fundamentalism /
Statement of responsibility, etc Ralph W. Hood, Jr., Peter C. Hill, W. Paul Williamson.
260 ## - PUBLICATION, DISTRIBUTION, ETC. (IMPRINT)
Place of publication, distribution, etc New York :
Name of publisher, distributor, etc Guilford Press,
Date of publication, distribution, etc c2005.
300 ## - PHYSICAL DESCRIPTION
Extent vii, 247 p. ;
504 ## - BIBLIOGRAPHY, ETC. NOTE
Bibliography, etc Includes bibliographical references (p. 225-237) and index.
505 0# - FORMATTED CONTENTS NOTE
Formatted contents note Fundamentalist religion as an intratextual search for meaning -- Fundamentalism as a meaning system -- The history of Protestant fundamentalism -- Fundamentalism in a Pentecostal denomination : the Church of God (of prophecy) -- Fundamentalism among religious serpent-handling sects -- Fundamentalism among the Amish -- Fundamentalist Islam -- Intratextuality, stereotyping, and quasi-fundamentalisms.
650 #0 - SUBJECT ADDED ENTRY--TOPICAL TERM
Topical term or geographic name as entry element Religious fundamentalism
General subdivision Psychology.
9 (RLIN) 697
700 1# - ADDED ENTRY--PERSONAL NAME
Personal name Hill, Peter C.,
Dates associated with a name 1953-
9 (RLIN) 698
700 1# - ADDED ENTRY--PERSONAL NAME
Personal name Williamson, W. Paul
Fuller form of name (William Paul)
9 (RLIN) 699
856 41 - ELECTRONIC LOCATION AND ACCESS
Materials specified Table of contents only
Uniform Resource Identifier <a href="http://www.loc.gov/catdir/toc/ecip055/2004030394.html">http://www.loc.gov/catdir/toc/ecip055/2004030394.html</a>
856 42 - ELECTRONIC LOCATION AND ACCESS
Materials specified Contributor biographical information
Uniform Resource Identifier <a href="http://www.loc.gov/catdir/enhancements/fy0617/2004030394-b.html">http://www.loc.gov/catdir/enhancements/fy0617/2004030394-b.html</a>
906 ## - LOCAL DATA ELEMENT F, LDF (RLIN)
a 7
b cbc
c orignew
d 1
e ecip
f 20
g y-gencatlg
942 ## - ADDED ENTRY ELEMENTS (KOHA)
Source of classification or shelving scheme Library of Congress Classification
Koha item type Monograph ( Printed materials)
Holdings
Withdrawn status Lost status Source of classification or shelving scheme Damaged status Not for loan Home library Current library Shelving location Date acquired Total Checkouts Full call number Barcode Date last seen Price effective from Koha item type
    Library of Congress Classification     ARRUPE LIBRARY ARRUPE LIBRARY Main Collection 18/09/2013   BL238 .H66 2005 46410146 26/10/2016 18/09/2013 Monograph ( Printed materials)

 

Arrupe Library. PO Box MP320 Mt Pleasant, Harare, Zimbabwe
263 242 745411|librarian@aju.ac.zw